Представление документа в формате RUSMARC

ПолеНазваниеЗначение
  Тип записи a
  Библиографический уровень a
001 Контрольный номер RU/CBS_UL/BASE/607a029db3924c62b53dac9b437126d3
005 Дата корректировки 20230821150817.2
100 Данные общей обработки __
a Данные общей обработки 20230821 ||| 0rusy0189 ca
101 Язык документа 0_
a Язык текста rus
102 Страна публикации __
a Страна публикации RU
200 Заглавие и сведения об ответственности 1_
a Заглавие Конспект интегрированного комплексного занятия для детей старшего дошкольного возраста с ЗПР на тему "Весна"
f Первые сведения об ответственности А. Муканова, О. Красильникова
300 Общие примечания __
a Общие примечания 0+
461 Уровень набора _0
1 2000
a Дошкольная педагогика
463 Уровень физической единицы _0
1 2000
a № 5
v С. 28-30
1 2101
d 2023
1 001RU/CBS_UL/BASE/c13bfae541d740f7a4bdb007f0c19426
606 Тематические рубрики 0_
a Основная рубрика Коррекционно-педагогическая работа - Дошкольники
610 Ключевые слова 0_
a Ключевые слова дошкольная педагогика
610 Ключевые слова 0_
a Ключевые слова дошкольное воспитание
610 Ключевые слова 0_
a Ключевые слова дошкольники с задержкой психического развития
610 Ключевые слова 0_
a Ключевые слова задержка психического развития
610 Ключевые слова 0_
a Ключевые слова занятия для детей с ЗПР
686 Индексы других классификаций __
2 Код системы rubbk
a Классификационный индекс 74.1
700 Автор _1
a Фамилия Муканова
b Имя (инициалы) А.
701 Альтернативная интеллектуальная ответственность _1
a Фамилия Красильникова
b Имя (инициалы) О.
801 Источник записи _0
a Страна RU
b Организация МБУК ЦБС г. Ульяновска
c Дата составления 20230821
g Правила каталогизации RCR
801 Источник записи _1
a Страна RU
b Организация МБУК ЦБС г. Ульяновска
c Дата составления 20230821
g Правила каталогизации RCR
901 Тип документа __
t Тип документа b
w Контрольный № источника RU/CBS_UL/BASE/c13bfae541d740f7a4bdb007f0c19426